Értékesítési stratégiák a Budapest Marriott Szállodában
| Szerző: | |
|---|---|
| További közreműködők: | |
| Dokumentumtípus: | Projektmunka |
| Kulcsszavak: | értékesítés marketingstratégiák Marriott proaktív stratégia reaktív stratégia szállodaipar |
| Online Access: | http://dolgozattar.uni-bge.hu/59880 |
MARC
| LEADER | 00000nnm a2200000 i 4500 | ||
|---|---|---|---|
| 001 | dolg59880 | ||
| 005 | 20260409145707.0 | ||
| 008 | 260409suuuu hu o 000 hun d | ||
| 040 | |a BGE Dolgozattár Repozitórium |b hun | ||
| 041 | |a hu | ||
| 100 | 1 | |a Virág Barbara | |
| 245 | 1 | 0 | |a Értékesítési stratégiák a Budapest Marriott Szállodában |c Virág Barbara |h [elektronikus dokumentum] |
| 516 | |a Project_work | ||
| 520 | 3 | |a A projektmunka a Budapest Marriott Hotel értékesítési és marketingstratégiáját vizsgálja. Bemutatja, hogyan reagál a szálloda a piaci kereslet változásaira, milyen csatornákon értékesít, és miben különbözik versenytársaitól, továbbá magáról a szálloda történetéről, a hűségprogramjáról és a magyarországi szállodaipar helyzetéről is szó esik a dolgozatban. Primer kutatás révén feltárja az alkalmazott módszerek hatékonyságát, kiemelve a dinamikus árazás, lojalitásprogramok és többcsatornás értékesítés szerepét. Továbbá kitér a kettő fő értékesítési stratégiára is, amelyek a proaktív és a reaktív és azok hogyan működnek a szálloda életében. | |
| 695 | |a értékesítés | ||
| 695 | |a marketingstratégiák | ||
| 695 | |a Marriott | ||
| 695 | |a proaktív stratégia | ||
| 695 | |a reaktív stratégia | ||
| 695 | |a szállodaipar | ||
| 700 | 1 | |a Schultz Dr. Éva |e ths | |
| 856 | 4 | 0 | |u http://dolgozattar.uni-bge.hu/59880/1/Projektmunka.pdf |z Dokumentum-elérés |
| 856 | 4 | 0 | |u http://dolgozattar.uni-bge.hu/59880/2/Vir%C3%A1g%20Barbara_FOSZK_b%C3%ADr%C3%A1lat_Schultz%20%C3%89va.pdf |z Dokumentum-elérés |